<?xml version="1.0" encoding="UTF-8"?>
<record
    xmlns:xsi="http://www.w3.org/2001/XMLSchema-instance"
    xsi:schemaLocation="http://www.loc.gov/MARC21/slim http://www.loc.gov/standards/marcxml/schema/MARC21slim.xsd"
    xmlns="http://www.loc.gov/MARC21/slim">

  <leader>02442nam a2200385 a 4500</leader>
  <controlfield tag="001">82972</controlfield>
  <controlfield tag="003">FlNmELB</controlfield>
  <controlfield tag="005">20241217151957.0</controlfield>
  <controlfield tag="006">m     o  d |      </controlfield>
  <controlfield tag="007">cr cn|||||||||</controlfield>
  <controlfield tag="008">130122s2010    ag |||||s|||||||||||spa d</controlfield>
  <datafield tag="035" ind1=" " ind2=" ">
    <subfield code="a">(MiAaPQ)EBC3205414</subfield>
  </datafield>
  <datafield tag="035" ind1=" " ind2=" ">
    <subfield code="a">(Au-PeEL)EBL3205414</subfield>
  </datafield>
  <datafield tag="035" ind1=" " ind2=" ">
    <subfield code="a">(CaPaEBR)ebr10637415</subfield>
  </datafield>
  <datafield tag="035" ind1=" " ind2=" ">
    <subfield code="a">(OCoLC)929394101</subfield>
  </datafield>
  <datafield tag="040" ind1=" " ind2=" ">
    <subfield code="a">FlNmELB</subfield>
    <subfield code="b">spa</subfield>
    <subfield code="c">FlNmELB</subfield>
  </datafield>
  <datafield tag="050" ind1=" " ind2="4">
    <subfield code="a">QA39.2</subfield>
    <subfield code="b">D767 2010</subfield>
  </datafield>
  <datafield tag="080" ind1=" " ind2=" ">
    <subfield code="a">51</subfield>
  </datafield>
  <datafield tag="082" ind1="0" ind2="4">
    <subfield code="a">510</subfield>
    <subfield code="2">22</subfield>
  </datafield>
  <datafield tag="100" ind1="1" ind2=" ">
    <subfield code="a">Dratman, Ezequiel.</subfield>
  </datafield>
  <datafield tag="245" ind1="1" ind2="0">
    <subfield code="a">Resoluci&#xF3;n eficiente de ciertos sistemas no lineales derivados de ecuaciones diferenciales</subfield>
    <subfield code="h">[recurso electronico] /</subfield>
    <subfield code="c">Ezequiel Dratman ; director: Guillermo Matera.</subfield>
  </datafield>
  <datafield tag="260" ind1=" " ind2=" ">
    <subfield code="a">Buenos Aires, Argentina :</subfield>
    <subfield code="b">Universidad de Buenos Aires,</subfield>
    <subfield code="c">2010.</subfield>
  </datafield>
  <datafield tag="300" ind1=" " ind2=" ">
    <subfield code="a">108 p.</subfield>
  </datafield>
  <datafield tag="502" ind1=" " ind2=" ">
    <subfield code="a">Doctor de la Universidad de Buenos Aires en el &#xE1;rea de Ciencias Matem&#xE1;ticas.</subfield>
  </datafield>
  <datafield tag="520" ind1=" " ind2=" ">
    <subfield code="a">En este trabajo estudiamos las soluciones estacionarias positivas de una discretizaci&#xF3;n est&#xE1;ndar, por medio de diferencias finitas, de la ecuaci&#xF3;n del calor semilineal con condiciones de borde no lineales de tipo Neumann. Demostramos que, si la difusi&#xF3;n es suficientemente grande o suficientemente chica, en comparaci&#xF3;n con el flujo en los bordes, entonces existe una unica soluci&#xF3;n de dicha discretizaci&#xF3;n. Esta soluci&#xF3;n aproxima la unica soluci&#xF3;n estacionaria positiva de la ecuaci&#xF3;n "continua". Adem&#xE1;s, exhibimos un algoritmo que calcula una ?-aproximaci&#xF3;n de dicha soluci&#xF3;n mediante m&#xE9;todos de continuaci&#xF3;n. El costo de nuestro algoritmo es lineal en el n&#xFA;mero de nodos involucrados en la discretizaci&#xF3;n y el logaritmo del n&#xFA;mero de d&#xED;gitos de aproximaci&#xF3;n requeridos. En los casos restantes probamos que existen soluciones espurias. Estos resultados nos permiten obtener el panorama global de la comparaci&#xF3;n entre las soluciones estacionarias del problema diferencial en consideraci&#xF3;n y su discretizaci&#xF3;n.</subfield>
  </datafield>
  <datafield tag="533" ind1=" " ind2=" ">
    <subfield code="a">Recurso electr&#xF3;nico. Santa Fe, Arg.: e-libro, 2015. Disponible v&#xED;a World Wide Web. El acceso puede estar limitado para las bibliotecas afiliadas a e-libro.</subfield>
  </datafield>
  <datafield tag="650" ind1=" " ind2="0">
    <subfield code="a">Mathematics.</subfield>
  </datafield>
  <datafield tag="650" ind1=" " ind2="0">
    <subfield code="a">Numerical analysis.</subfield>
  </datafield>
  <datafield tag="650" ind1=" " ind2="4">
    <subfield code="a">Matem&#xE1;ticas.</subfield>
  </datafield>
  <datafield tag="650" ind1=" " ind2="4">
    <subfield code="a">An&#xE1;lisis num&#xE9;rico.</subfield>
  </datafield>
  <datafield tag="655" ind1=" " ind2="4">
    <subfield code="a">Libros electr&#xF3;nicos.</subfield>
  </datafield>
  <datafield tag="700" ind1="1" ind2=" ">
    <subfield code="a">Matera, Guillermo,</subfield>
    <subfield code="e">dir.</subfield>
  </datafield>
  <datafield tag="710" ind1="2" ind2=" ">
    <subfield code="a">e-libro, Corp.</subfield>
  </datafield>
  <datafield tag="856" ind1="4" ind2="0">
    <subfield code="u">https://elibro.net/ereader/politecnicointernacional/86226</subfield>
  </datafield>
  <datafield tag="999" ind1=" " ind2=" ">
    <subfield code="c">82972</subfield>
    <subfield code="d">82972</subfield>
  </datafield>
</record>
